| 000 | 00505nam a22001817a 4500 | ||
|---|---|---|---|
| 005 | 20251108163338.0 | ||
| 008 | 250721s1993 xx 000 0 ara d | ||
| 082 | 1 | 4 | _a170/زقز |
| 100 | 1 | _aزقزوق، محمود حمدي | |
| 245 | 1 | 0 | _aمقدمة في علم الأخلاق / |
| 250 | _aط4 | ||
| 264 | 1 |
_aالقاهرة : _bدار الفكر العربي، _c1993. |
|
| 300 | _a164ص | ||
| 650 | 1 | 7 | _aالأخلاق |
| 650 | 1 | 7 | _aالآداب الإسلامية |
| 942 |
_2ddc _cBK |
||
| 999 |
_c355 _d355 |
||